000 nam a22 a 4500
999 _c556
_d556
003 AKMAL
005 20170504112013.0
008 170504s1994 my 00 eng d
020 _a9838970336 (pbk.):
_cRM 20.00
040 _aAKMAL
082 0 4 _a153.8 BET
090 _a153.8
_bBET
100 1 _aBethel, Sheila Murray
_91239
245 1 0 _aMaking a difference :
_b12 qualities that make you a leader /
_cSheila Murray Bethel
260 _aPetaling Jaya :
_bGlad Sound,
_c1994
300 _a288p. ;
_c21cm
500 _aIncludes index
650 _aLeadership
_9120
942 _2ddc
_cBOOK